Tell Em Steve Dave Crew Quiz Stats

 Plays Quiz not verified by Sporcle

Support Sporcle.
Go Orange.
Score 0/12 Timer 05:00
0 Plays Today
Hint Answer % Correct
Leader Of TESD and Director of the film VulgarBryan Johnson
96.9%
Leader of I Sell Comics and Puck Nuts, Right?Ming Chen
96.9%
Staten Island Dandy and Impractical JokerBrian Quinn
95.4%
Head of the Smodco Network and Director of ClerksKevin Smith
92.3%
Secret Stash Boss and Comic artistWalter Flanagan
90.8%
Spends his time at the Bottle Dump and Loves ZipposGitemstevedave
89.2%
King of Making Returns and known to FlutterSunday Jeff
84.6%
Toy Expert on Comic Book Men with an Annoying LaughRobert Bruce
76.9%
Irish Audio Wizard Boss of Creaky StudiosDeclan Quinn
75.4%
Lead Singer of Monster MagnetDave Wyndorf
70.8%
The Other Comic Book Man who once stole James Spaders ChampagneMike Zapcic
60%
The Magazine Guy from Collingwood Flea MarketDennis
55.4%

You're not logged in!

Compare scores with friends on all Sporcle quizzes.
OR
Log In

From the Vault

100 Years, 100 MLB Stars

by El_Dandy

A little reminder that the MLB has been around for rather a long time.

You Might Also Like...

Remove Ads.
Support Sporcle.
Get the best of Sporcle when you Go Orange. This ad-free experience offers more features, more stats, and more fun while also helping to support Sporcle. Thank you for becoming a member.

Show Comments

Extras

Created Sep 15, 2013ReportNominate
Tags:podcast

Top Quizzes Today


Score Distribution

Your Account Isn't Verified!

In order to create a playlist on Sporcle, you need to verify the email address you used during registration. Go to your Sporcle Settings to finish the process.

Report this User

Report this user for behavior that violates our Community Guidelines.

Details: